Report of the Reforms Enquiry Committee, 1924 (Record no. 489177)

000 -LEADER
fixed length control field 00406cam a22001337a 4500
008 - FIXED-LENGTH DATA ELEMENTS--GENERAL INFORMATION
fixed length control field 180718b1929 xxu||||| |||| 00| 0 eng d
082 ## - DEWEY DECIMAL CLASSIFICATION NUMBER
Classification number C0x54073 In2r
100 ## - MAIN ENTRY--PERSONAL NAME
Personal name India. Reforms Enquiry Committee
245 ## - TITLE STATEMENT
Title Report of the Reforms Enquiry Committee, 1924
260 ## - PUBLICATION, DISTRIBUTION, ETC.
Place of publication, distribution, etc. Calcutta
Name of publisher, distributor, etc. The author
Date of publication, distribution, etc. 1929
300 ## - PHYSICAL DESCRIPTION
Extent 203p
500 ## - GENERAL NOTE
General note Chairman: Alexander Muddiman
700 ## - ADDED ENTRY--PERSONAL NAME
Personal name Muddiman, Alexander (Chairman)
Holdings
Withdrawn status Lost status Damaged status Not for loan Permanent Location Current Location Date acquired Full call number Barcode Date last seen Price effective from Koha item type
        Indian Institute of Public Administration Indian Institute of Public Administration 2018-08-04 C0x54073 In2r GR4667 2018-08-04 2018-08-04 GR
        Indian Institute of Public Administration Indian Institute of Public Administration 2018-08-04 C0x54073 In2r GG19591 2018-08-04 2018-08-04 GG

Powered by Koha